000 00448nam a2200193Ia 4500
003 IT-RoPAU
005 20220918175536.0
008 120407s9999 xx 000 0 und d
040 _aIT-RoPAU
040 _cIT-RoPAU
041 _aita
100 _aGiuseppe Carrieri
_913969
245 _aI Sonetti del Rosario
260 _aNapoli
_bRinascita Artistica
_c1950
300 _c23 cm
_a219 pp.
490 _v1
942 _cBK
_2ddc
999 _c17899
_d17899